000 00709nam a22002177a 4500
999 _c8175
_d8175
003 GBCCL
005 20241126110645.0
008 190701b ||||| |||| 00| 0 eng d
020 _a0896938689
040 _cgbc
082 _a225
_bCAM
100 _aCampbell, Pam
_98044
245 _aGood news to go /
_cPam Campbell; Stan Campbell
260 _aWheaton, Ill. :
_bVictor Books,
_c©1991.
300 _a179 pages : illustrations ;
_c23 cm.
505 _a"Acts thru 1 Corinthians"--Cover.
650 _aBible. -- Acts -- Study and teaching.
_913659
650 _aBible. -- Romans -- Study and teaching.
_912868
650 _aBible. -- Corinthians, 1st -- Study and teaching.
_914236
942 _2ddc
_cBK